Countries Gene Simmons has Visited - Statistics

General Stats
  • This quiz has been taken 8 times
  • The average score is 45 of 49
Answer Stats
Continent Country % Correct
South America Argentina
100%
Oceania Australia
100%
Europe Austria
100%
Europe Belgium
100%
South America Bolivia
100%
South America Brazil
100%
North America Canada
100%
South America Chile
100%
South America Colombia
100%
Europe Czech Republic
100%
Europe Finland
100%
Europe France
100%
Europe Germany
100%
Europe Greece
100%
Europe Iceland
100%
Europe Ireland
100%
Europe Italy
100%
Asia Japan
100%
Oceania New Zealand
100%
Europe Poland
100%
Europe Slovakia
100%
Africa South Africa
100%
Europe Sweden
100%
Europe United Kingdom
100%
North America United States of America
100%
South America Uruguay
100%
Europe Bulgaria
86%
North America Costa Rica
86%
Europe Croatia
86%
Europe Denmark
86%
South America Ecuador
86%
North America El Salvador
86%
Europe Latvia
86%
North America Mexico
86%
Europe Norway
86%
South America Paraguay
86%
South America Peru
86%
Europe Portugal
86%
Europe Romania
86%
Asia/ Europe Russia
86%
Europe Serbia
86%
Europe Spain
86%
Europe Switzerland
86%
Europe the Netherlands
86%
South America Venezuela
86%
Europe Hungary
71%
Europe Luxembourg
71%
Asia United Arab Emirates
71%
Europe Ukraine
57%
No matching quizzes found
Score Distribution
Percent of People with Each Score
Percentile by Number Answered
Your Score History
You have not taken this quiz